000
00258nam a2200109Ia 4500
008
210707s9999 xx 000 0 und d
041
_a
eng
082
_a
CD246
100
_a
Bhat, Sudhindra
245
_a
Financial management
650
_a
Financial Management
999
_c
177280
_d
177280